Statistics for Countries which contain a city called Orange

Click here to take the quiz!

General Stats

  • This quiz has been taken 22 times
  • The average score is 5 of 8

Answer Stats

Number of OrangesCountry% Correct
19USA
95%
1 (Orange Bay)Canada
80%
1 (Cape Orange)Brazil
75%
3Australia
70%
2France
60%
1 (Orange Isle)China
40%
1 (Orange Bay)Indonesia
40%
1 (Orange Range)Jamaica
25%

Score Distribution

Percentile by Number Answered

Percent of People with Each Score

Your Score History

You have not taken this quiz